[Event "Milanowek-chA 21st"]
[Site "Milanowek"]
[Date "2015.06.24"]
[Round "3.4"]
[White "Bitowt, Jacek"]
[Black "Celinski, Kamil"]
[Result "1-0"]
[WhiteElo "1723"]
[BlackElo "1698"]
[PlyCount "51"]
[EventDate "2015.06.22"]
[EventType "swiss"]
[EventRounds "9"]
[EventCountry "POL"]
[SourceTitle "EXT 2023"]
[Source "ChessBase"]
[SourceDate "2022.10.05"]
[SourceVersion "1"]
[SourceVersionDate "2022.10.05"]
[SourceQuality "1"]

1. e4 e5 2. Nf3 Nc6 3. d4 exd4 4. Nxd4 Nf6 5. Nxc6 bxc6 6. Bd3 Bc5 7. e5 Nd5 8. Qg4 g6 9. Bh6 d6 10. Qg3 Bd4 11. c3 Bxe5 12. f4 Bf6 13. 0-0 Be6 14. Nd2 Bh4 15. Qf3 f5 16. Qh3 Kf7 17. Nf3 Bf6 18. Rae1 Bd7 19. Bc4 Re8 20. Ng5+ Kg8 21. Qf3 Rxe1 22. Rxe1 Bxg5 23. Bxd5+ cxd5 24. Qxd5+ Kh8 25. fxg5 c5 26. Qf7 1-0

[Event "Milanowek-ch"]
[Site "Milanowek"]
[Date "2014.06.22"]
[Round "4"]
[White "Tomaszewska, Luiza"]
[Black "Bitowt, Jacek"]
[Result "1-0"]
[WhiteElo "1990"]
[BlackElo "1694"]
[PlyCount "135"]
[EventDate "2014.06.21"]
[EventType "swiss"]
[EventRounds "9"]
[EventCountry "POL"]
[SourceTitle "CBM 161 Extra"]
[Source "ChessBase"]
[SourceDate "2014.08.29"]
[SourceVersion "1"]
[SourceVersionDate "2014.08.29"]
[SourceQuality "1"]

1. e4 e6 2. d3 d5 3. e5 c5 4. Nf3 Nc6 5. g3 Qc7 6. Qe2 Nge7 7. Bg2 Ng6 8. c3 Ncxe5 9. 0-0 Nxf3+ 10. Bxf3 Be7 11. Re1 Bd7 12. h4 Bc6 13. h5 Nf8 14. Bf4 Bd6 15. Bc1 0-0-0 16. a3 e5 17. b4 d4 18. bxc5 Bxf3 19. cxd6 Qc6 20. Qxe5 Nd7 21. Qxd4 Bh1 22. Re4 Bxe4 23. dxe4 Nc5 24. Nd2 f6 25. e5 fxe5 26. Qg4+ Kb8 27. Nc4 Qe4 28. Qxe4 Nxe4 29. Nxe5 Rhf8 30. Bf4 Nxd6 31. Rd1 Kc8 32. Rd4 b6 33. Nc6 Rxf4 34. Rxf4 Rd7 35. Rf8+ Kb7 36. Nd8+ Ka6 37. Ne6 Re7 38. Nd4 Rc7 39. Rh8 h6 40. Rg8 Re7 41. Rd8 Nb5 42. Nf5 Re5 43. Nxg7 Rg5 44. Rd7 Nxc3 45. Kg2 Ne4 46. Kf3 Nf6 47. Rf7 Nxh5 48. Nf5 Rg6 49. Rh7 Nf6 50. Rxh6 Rxh6 51. Nxh6 b5 52. g4 Kb6 53. g5 Ne8 54. Nf5 a5 55. Ke3 Kc5 56. g6 a4 57. g7 Nf6 58. Kd3 b4 59. axb4+ Kxb4 60. Nd4 a3 61. Nc2+ Kb3 62. Nxa3 Kxa3 63. Kd4 Kb4 64. Ke5 Ng8 65. f4 Kc5 66. f5 Kc6 67. f6 Nh6 68. Ke6 1-0

[Event "Milanowek-ch"]
[Site "Milanowek"]
[Date "2014.06.21"]
[Round "2"]
[White "Woloszyn, Piotr"]
[Black "Bitowt, Jacek"]
[Result "1/2-1/2"]
[WhiteElo "1530"]
[BlackElo "1694"]
[PlyCount "137"]
[EventDate "2014.06.21"]
[EventType "swiss"]
[EventRounds "9"]
[EventCountry "POL"]
[SourceTitle "CBM 161 Extra"]
[Source "ChessBase"]
[SourceDate "2014.08.29"]
[SourceVersion "1"]
[SourceVersionDate "2014.08.29"]
[SourceQuality "1"]

1. c4 Nf6 2. Nf3 g6 3. Nc3 Bg7 4. g3 d6 5. d4 0-0 6. Bg2 Nbd7 7. e4 c5 8. d5 a6 9. Qd3 b5 10. 0-0 bxc4 11. Qxc4 Nb6 12. Qd3 a5 13. Re1 Ba6 14. Qc2 Nfd7 15. Bf1 Bxf1 16. Kxf1 a4 17. h4 h6 18. Kg2 h5 19. Bf4 a3 20. b3 c4 21. b4 Ne5 22. Nxe5 Bxe5 23. Bxe5 dxe5 24. Rad1 Qd6 25. Rb1 Rfc8 26. Rf1 Qd7 27. f4 exf4 28. Rxf4 Na4 29. Rbf1 f6 30. Ne2 Nb2 31. R4f3 Nd3 32. Qd2 Kh7 33. Nf4 Ne5 34. R3f2 c3 35. Qc2 Qb5 36. Qb3 Ra4 37. d6 exd6 38. Qe6 Qc4 39. Qe7+ Qf7 40. Qxf7+ Nxf7 41. Nd5 Ne5 42. Rxf6 c2 43. Rc1 Nd3 44. Rff1 Rxb4 45. Nxb4 Nxb4 46. Rf2 Kg7 47. Kf1 Re8 48. Rcxc2 Nxc2 49. Rxc2 Rxe4 50. Rc3 Ra4 51. Rd3 Ra6 52. Ke2 Kf6 53. Kd2 Ke5 54. Re3+ Kd5 55. Rf3 Ke5 56. Re3+ Kf5 57. Rf3+ Kg4 58. Rb3 Ra4 59. Rd3 d5 60. Kc3 d4+ 61. Kb3 Ra8 62. Kb4 Ra7 63. Kb3 Ra8 64. Kb4 Ra6 65. Kb3 Ra7 66. Kb4 Ra6 67. Kb3 Ra8 68. Kb4 Ra6 69. Kb3 1/2-1/2

[Event "Warsaw YMCA Winter-D 137th+"]
[Site "Warsaw"]
[Date "2014.03.10"]
[Round "10"]
[White "Bitowt, Jacek"]
[Black "Krzyzewski, Radoslaw"]
[Result "1-0"]
[WhiteElo "1699"]
[BlackElo "1685"]
[PlyCount "35"]
[EventDate "2014.01.06"]
[EventType "tourn"]
[EventRounds "13"]
[EventCountry "POL"]
[SourceTitle "EXT 2015"]
[Source "ChessBase"]
[SourceDate "2014.11.20"]
[SourceVersion "1"]
[SourceVersionDate "2014.11.20"]
[SourceQuality "1"]

1. e4 c5 2. c3 Nc6 3. Nf3 e6 4. d4 cxd4 5. cxd4 Bb4+ 6. Nc3 Qa5 7. Bd2 Nf6 8. Bd3 0-0 9. 0-0 Bxc3 10. Bxc3 Qd8 11. d5 exd5 12. exd5 Nb8 13. d6 h6 14. Bc2 b6 15. Re1 a5 16. Qd3 g6 17. Qd4 Kg7 18. Re7 1-0

[Event "Warsaw YMCA Winter-D 137th"]
[Site "Warsaw"]
[Date "2014.02.18"]
[Round "12"]
[White "Bitowt, Jacek"]
[Black "Herman, Monika"]
[Result "1-0"]
[WhiteElo "1699"]
[BlackElo "1645"]
[PlyCount "121"]
[EventDate "2014.01.06"]
[EventType "tourn"]
[EventRounds "13"]
[EventCountry "POL"]
[SourceTitle "EXT 2015"]
[Source "ChessBase"]
[SourceDate "2014.11.20"]
[SourceVersion "1"]
[SourceVersionDate "2014.11.20"]
[SourceQuality "1"]

1. e4 e5 2. Nf3 Nc6 3. d4 exd4 4. Nxd4 Bc5 5. Be3 Qf6 6. c3 Nge7 7. Bc4 0-0 8. 0-0 Bb6 9. f4 d6 10. Na3 Be6 11. Qd2 h6 12. Be2 Rad8 13. Nc4 Nc8 14. Nxb6 Nxb6 15. Nxc6 bxc6 16. Bd4 Qe7 17. f5 Bc4 18. f6 Qxe4 19. fxg7 Rfe8 20. Bxc4 Nxc4 21. Qxh6 Qh7 22. Qxh7+ Kxh7 23. Rxf7 c5 24. Rxc7 cxd4 25. Rxc4 dxc3 26. Rxc3 Re2 27. b4 d5 28. Rg3 Kg8 29. a3 d4 30. Rd1 Rc8 31. h3 Rc3 32. Rxc3 dxc3 33. Rc1 c2 34. a4 Kxg7 35. b5 Kf6 36. a5 Rd2 37. Kh2 Ke5 38. b6 axb6 39. a6 Rd1 40. Rxc2 Ra1 41. Rb2 Rxa6 42. h4 Kf4 43. Rb4+ Kf5 44. g3 Kf6 45. Kh3 Kf5 46. g4+ Kg6 47. Kg3 b5 48. h5+ Kh6 49. Rxb5 Ra3+ 50. Kf4 Ra4+ 51. Kf5 Ra6 52. Re5 Ra7 53. Re6+ Kg7 54. g5 Rb7 55. h6+ Kh7 56. Kf6 Rb8 57. Re7+ Kg8 58. g6 Ra8 59. Re6 Rb8 60. Rd6 Ra8 61. Ke7 1-0

[Event "Warsaw YMCA Winter-D 137th"]
[Site "Warsaw"]
[Date "2014.02.03"]
[Round "5"]
[White "Bitowt, Jacek"]
[Black "Wrabel, Antoni"]
[Result "1/2-1/2"]
[WhiteElo "1699"]
[BlackElo "1712"]
[PlyCount "40"]
[EventDate "2014.01.06"]
[EventType "tourn"]
[EventRounds "13"]
[EventCountry "POL"]
[SourceTitle "EXT 2015"]
[Source "ChessBase"]
[SourceDate "2014.11.20"]
[SourceVersion "1"]
[SourceVersionDate "2014.11.20"]
[SourceQuality "1"]

1. e4 e5 2. Nf3 Nc6 3. d4 exd4 4. Nxd4 Bc5 5. Be3 Qf6 6. c3 Nge7 7. Bc4 0-0 8. 0-0 Bb6 9. f4 d6 10. Na3 Be6 11. Bxe6 fxe6 12. Nc4 Qg6 13. Qc2 d5 14. Nxb6 axb6 15. f5 Nxd4 16. cxd4 exf5 17. Qxc7 Qe6 18. Bf4 Ng6 19. exf5 Rxf5 20. Rae1 Qf7 1/2-1/2

[Event "Warsaw YMCA Winter-D 137th"]
[Site "Warsaw"]
[Date "2014.01.17"]
[Round "2"]
[White "Wilczynski, Adam"]
[Black "Bitowt, Jacek"]
[Result "0-1"]
[WhiteElo "1664"]
[BlackElo "1699"]
[PlyCount "72"]
[EventDate "2014.01.06"]
[EventType "tourn"]
[EventRounds "13"]
[EventCountry "POL"]
[SourceTitle "EXT 2015"]
[Source "ChessBase"]
[SourceDate "2014.11.20"]
[SourceVersion "1"]
[SourceVersionDate "2014.11.20"]
[SourceQuality "1"]

1. c4 Nf6 2. g3 g6 3. Nc3 Bg7 4. Bg2 d6 5. Nf3 0-0 6. 0-0 c6 7. d3 e5 8. Bg5 h6 9. Bd2 Be6 10. Qc1 Kh7 11. Rb1 Nbd7 12. b4 d5 13. Na4 b6 14. Nb2 Rc8 15. a4 Nh5 16. Ne1 f5 17. e3 e4 18. Bc3 Nhf6 19. dxe4 dxc4 20. exf5 Bxf5 21. Nc2 b5 22. Ra1 Qb6 23. Bd4 c5 24. bxc5 Nxc5 25. axb5 Qxb5 26. Na3 Qd7 27. Naxc4 Nb3 28. Qc3 Nxa1 29. Rxa1 Rc7 30. Be5 Ne4 31. Qb4 Rb7 32. Qa3 Rd8 33. Bxg7 Qxg7 34. g4 Rdb8 35. gxf5 gxf5 36. Kh1 Rg8 0-1

[Event "Warsaw YMCA Autumn-C 129th"]
[Site "Warsaw"]
[Date "2013.11.13"]
[Round "9"]
[White "Bitowt, Jacek"]
[Black "Krzyzanowski, Antoni"]
[Result "1-0"]
[WhiteElo "1750"]
[BlackElo "1758"]
[PlyCount "71"]
[EventDate "2013.09.16"]
[EventType "tourn"]
[EventRounds "13"]
[EventCountry "POL"]
[SourceTitle "EXT 2015"]
[Source "ChessBase"]
[SourceDate "2014.11.20"]
[SourceVersion "1"]
[SourceVersionDate "2014.11.20"]
[SourceQuality "1"]

1. e4 e6 2. d4 d5 3. Nd2 Nc6 4. c3 Nf6 5. e5 Nd7 6. Bd3 Be7 7. Qh5 g6 8. Qh6 Bf8 9. Qh3 Bg7 10. Ndf3 h6 11. Ne2 Ne7 12. Nf4 Nf8 13. 0-0 c5 14. Re1 Nh7 15. Qg4 Kf8 16. h4 c4 17. Bc2 Nf5 18. h5 g5 19. Ne2 f6 20. Ng3 Nxg3 21. Qxg3 f5 22. b3 Qe8 23. bxc4 dxc4 24. Qh2 Bd7 25. d5 exd5 26. e6 Bc6 27. Ne5 Nf6 28. Ng6+ Kg8 29. Bxf5 Nxh5 30. Qxh5 Bxc3 31. Bxg5 hxg5 32. Qxg5 Bg7 33. Nxh8 Kxh8 34. Qh4+ Kg8 35. Bh7+ Kf8 36. e7+ 1-0

[Event "Warsaw YMCA Autumn-C 129th"]
[Site "Warsaw"]
[Date "2013.11.06"]
[Round "8"]
[White "Pajak, Jakub Lech"]
[Black "Bitowt, Jacek"]
[Result "1/2-1/2"]
[WhiteElo "1722"]
[BlackElo "1750"]
[PlyCount "51"]
[EventDate "2013.09.16"]
[EventType "tourn"]
[EventRounds "13"]
[EventCountry "POL"]
[SourceTitle "EXT 2015"]
[Source "ChessBase"]
[SourceDate "2014.11.20"]
[SourceVersion "1"]
[SourceVersionDate "2014.11.20"]
[SourceQuality "1"]

1. e4 e5 2. Nf3 Nc6 3. c3 d5 4. Qa4 Bd7 5. exd5 Nd4 6. Qd1 Nxf3+ 7. Qxf3 Nf6 8. Bc4 e4 9. Qe2 Bd6 10. d3 0-0 11. dxe4 Nxe4 12. Be3 f5 13. Nd2 Nxd2 14. Qxd2 f4 15. Bd4 Re8+ 16. Kd1 b5 17. Bd3 Qg5 18. Kc2 Qxd5 19. f3 c5 20. Bf2 Bf5 21. Rae1 Qxd3+ 22. Qxd3 Bxd3+ 23. Kxd3 Rxe1 24. Rxe1 Kf7 25. Re4 g5 26. b4 1/2-1/2

[Event "Warsaw YMCA Autumn-C 129th"]
[Site "Warsaw"]
[Date "2013.10.16"]
[Round "5"]
[White "Bitowt, Jacek"]
[Black "Chylewski, Patryk"]
[Result "1/2-1/2"]
[WhiteElo "1750"]
[BlackElo "1704"]
[PlyCount "78"]
[EventDate "2013.09.16"]
[EventType "tourn"]
[EventRounds "13"]
[EventCountry "POL"]
[SourceTitle "EXT 2015"]
[Source "ChessBase"]
[SourceDate "2014.11.20"]
[SourceVersion "1"]
[SourceVersionDate "2014.11.20"]
[SourceQuality "1"]

1. e4 c5 2. c3 d5 3. exd5 Qxd5 4. d4 Nc6 5. Nf3 e5 6. dxe5 Qxd1+ 7. Kxd1 Bg4 8. Bf4 0-0-0+ 9. Nbd2 Nge7 10. Be2 Ng6 11. Be3 Be7 12. h3 Be6 13. Ke1 Ngxe5 14. Kf1 Nd3 15. b3 f5 16. Ne1 Nce5 17. Nxd3 Nxd3 18. Bxd3 Rxd3 19. Rc1 Bf6 20. Nf3 b6 21. c4 Rhd8 22. Ke2 h6 23. Rhd1 Rxd1 24. Rxd1 Rxd1 25. Kxd1 g5 26. g3 Bd7 27. Ke2 Bc6 28. h4 f4 29. hxg5 fxe3 30. gxf6 Bxf3+ 31. Kxf3 exf2 32. Kxf2 Kd7 33. f7 Ke7 34. f8Q+ Kxf8 35. Kf3 Kf7 36. Kf4 Kf6 37. Kg4 Kg6 38. Kf4 Kf6 39. Kg4 Kg6 1/2-1/2

[Event "Warsaw YMCA Autumn-C 129th"]
[Site "Warsaw"]
[Date "2013.09.18"]
[Round "1"]
[White "Bitowt, Jacek"]
[Black "Szukalski, Antoni"]
[Result "1-0"]
[WhiteElo "1750"]
[BlackElo "1796"]
[PlyCount "119"]
[EventDate "2013.09.16"]
[EventType "tourn"]
[EventRounds "13"]
[EventCountry "POL"]
[SourceTitle "EXT 2015"]
[Source "ChessBase"]
[SourceDate "2014.11.20"]
[SourceVersion "1"]
[SourceVersionDate "2014.11.20"]
[SourceQuality "1"]

1. e4 c6 2. d4 d5 3. exd5 cxd5 4. c4 Nf6 5. Nc3 e6 6. Bg5 Be7 7. Nf3 Nc6 8. a3 0-0 9. c5 b6 10. Bb5 Bb7 11. Qa4 Qc7 12. b4 h6 13. Bh4 a6 14. Bxc6 Bxc6 15. Qc2 bxc5 16. bxc5 Nh5 17. Bxe7 Qxe7 18. 0-0 Rfb8 19. Rfb1 Qc7 20. Ne5 Be8 21. Rxb8 Rxb8 22. Rb1 Nf6 23. h3 Nd7 24. Rxb8 Nxb8 25. Qb3 f6 26. Nd3 Bc6 27. Qb6 Qxb6 28. cxb6 Kf8 29. f4 Ke7 30. Nc5 Kd6 31. Kf2 e5 32. Ke3 exf4+ 33. Kxf4 g6 34. a4 Nd7 35. Nxd7 Kxd7 36. a5 Kd6 37. h4 h5 38. g3 Kd7 39. Ke3 Kd6 40. Ne2 g5 41. Kf3 Bd7 42. Ke3 Bc6 43. Kd2 Bb7 44. Kc3 Bc6 45. Ng1 Bd7 46. hxg5 fxg5 47. Nf3 g4 48. Nh4 Kc6 49. Kb4 Bc8 50. Ng6 Kd6 51. Nf4 h4 52. gxh4 g3 53. h5 Bf5 54. h6 Be4 55. Kc3 Kc6 56. Kd2 Kd6 57. Ke1 Kc6 58. Kf1 Kd6 59. Kg1 Kc6 60. Ne2 1-0

[Event "Warsaw Najdorf Memorial op-B 11th"]
[Site "Warsaw"]
[Date "2013.08.07"]
[Round "4"]
[White "Bitowt, Jacek"]
[Black "Kokoszczynski, Jan"]
[Result "0-1"]
[WhiteElo "1814"]
[BlackElo "1707"]
[PlyCount "98"]
[EventDate "2013.08.05"]
[EventType "swiss"]
[EventRounds "9"]
[EventCountry "POL"]
[SourceTitle "CBM 155 Extra"]
[Source "ChessBase"]
[SourceDate "2013.08.26"]
[SourceVersion "1"]
[SourceVersionDate "2013.08.26"]
[SourceQuality "1"]

1. e4 e5 2. Nf3 Nc6 3. d4 exd4 4. Nxd4 Nf6 5. Nxc6 bxc6 6. Bd3 Bb4+ 7. c3 Be7 8. e5 Nd5 9. Qg4 g6 10. Bh6 d6 11. Qf3 Bg5 12. Bxg5 Qxg5 13. Nd2 Qxe5+ 14. Kd1 0-0 15. Kc2 Qf4 16. g3 Qxf3 17. Nxf3 Bd7 18. h4 h5 19. Ng5 Kg7 20. a3 f6 21. Nf3 f5 22. c4 Nf6 23. Ng5 Rfe8 24. f3 Re7 25. Rhe1 Rae8 26. Rxe7+ Rxe7 27. b4 Be8 28. a4 Nd7 29. Kd2 Kf6 30. f4 c5 31. b5 Nf8 32. Bf1 Bf7 33. Rc1 Ne6 34. Nxe6 Bxe6 35. Bg2 Rd7 36. Bc6 Rd8 37. Bd5 Bxd5 38. cxd5 Re8 39. Re1 Re4 40. Rxe4 fxe4 41. Ke3 Kf5 42. a5 Kg4 43. Kxe4 Kxg3 44. f5 gxf5+ 45. Kxf5 Kxh4 46. Ke6 c4 47. b6 cxb6 48. Kxd6 c3 49. axb6 axb6 0-1

[Event "Warsaw YMCA Summer 126th"]
[Site "Warsaw"]
[Date "2013.07.12"]
[Round "5"]
[White "Szukalski, Antoni"]
[Black "Bitowt, Jacek"]
[Result "1-0"]
[WhiteElo "1796"]
[BlackElo "1822"]
[PlyCount "127"]
[EventDate "2013.07.05"]
[EventType "tourn"]
[EventRounds "10"]
[EventCountry "POL"]
[SourceTitle "EXT 2014"]
[Source "ChessBase"]
[SourceDate "2013.11.20"]
[SourceVersion "1"]
[SourceVersionDate "2013.11.20"]
[SourceQuality "1"]

1. d4 d5 2. c4 e6 3. e3 Nf6 4. Nf3 Be7 5. Nc3 0-0 6. Bd3 Nbd7 7. Qc2 dxc4 8. Bxc4 c5 9. dxc5 Bxc5 10. 0-0 a6 11. Bd3 Qc7 12. Bd2 b5 13. Ne4 Qb6 14. Rac1 Be7 15. Bc3 Bb7 16. Nxf6+ Nxf6 17. Bxf6 Bxf6 18. Bxh7+ Kh8 19. Bd3 Rac8 20. Qe2 g6 21. b3 Kg7 22. Rfd1 Rc5 23. Rxc5 Qxc5 24. Nd2 Rh8 25. Be4 Bxe4 26. Nxe4 Qe5 27. Ng3 Bh4 28. f4 Qc7 29. Ne4 Rd8 30. Qb2+ Kg8 31. Rxd8+ Bxd8 32. Qc3 Qb7 33. Qd3 Be7 34. Kf2 Qc6 35. Nd2 f5 36. Nf3 Bf6 37. h4 Kf8 38. Ng5 Ke7 39. Qe2 e5 40. fxe5 Bxe5 41. Nf3 Bf6 42. g3 Kf7 43. Qd3 Kg7 44. h5 gxh5 45. Qxf5 Qc1 46. Qd7+ Kf8 47. Qd6+ Kg7 48. Qd7+ Kf8 49. Qd2 Qc6 50. Qd1 Qe6 51. Ng1 h4 52. Qf3 hxg3+ 53. Qxg3 Ke8 54. Nf3 Kd8 55. Qb8+ Ke7 56. Qa7+ Ke8 57. Qb8+ Kf7 58. Qc7+ Kg6 59. Qg3+ Kh6 60. Qf4+ Kg6 61. Qg3+ Kh6 62. Qf4+ Kg6 63. Nd4 Qd5 64. Qf3 1-0

[Event "Prague op-A 12th"]
[Site "Prague"]
[Date "2013.01.13"]
[Round "6"]
[White "Bitowt, Jacek"]
[Black "Hlinka, Vasil"]
[Result "1-0"]
[WhiteElo "1968"]
[BlackElo "2130"]
[PlyCount "59"]
[EventDate "2013.01.09"]
[EventType "swiss"]
[EventRounds "9"]
[EventCountry "CZE"]
[SourceTitle "CBM 152 Extra"]
[Source "ChessBase"]
[SourceDate "2013.02.25"]
[SourceVersion "1"]
[SourceVersionDate "2013.02.25"]
[SourceQuality "1"]

1. e4 c5 2. c3 d5 3. exd5 Qxd5 4. d4 Nf6 5. Nf3 Bg4 6. Be2 e6 7. 0-0 Nc6 8. h3 Bh5 9. c4 Qd8 10. dxc5 Bxc5 11. Nc3 0-0 12. Bg5 Be7 13. a3 Rc8 14. Qa4 a6 15. Rac1 Qc7 16. Rfe1 Bxf3 17. Bxf3 Nd4 18. Be2 Ng4 19. Bf4 Qxf4 20. Bxg4 Rxc4 21. Qxc4 Bd6 22. Kf1 f5 23. g3 Qh6 24. Qxd4 Bxg3 25. Bf3 Bf4 26. Rcd1 Bb8 27. Qe3 Qxh3+ 28. Bg2 Qh5 29. Qxe6+ Kh8 30. Qe7 1-0